LABORATORY LIFE THE CONSTRUCTION OF SCIE (Record no. 20967)

MARC details
000 -LEADER
fixed length control field 00334nam a2200133Ia 4500
008 - FIXED-LENGTH DATA ELEMENTS--GENERAL INFORMATION
fixed length control field 240624s9999 xx 000 0 und d
041 ## - LANGUAGE CODE
Language code of text/sound track or separate title eng
082 ## - DEWEY DECIMAL CLASSIFICATION NUMBER
Classification number 658.4 LAT
100 ## - MAIN ENTRY--PERSONAL NAME
Personal name LATOUR B
245 ## - TITLE STATEMENT
Title LABORATORY LIFE THE CONSTRUCTION OF SCIE
260 ## - PUBLICATION, DISTRIBUTION, ETC.
Date of publication, distribution, etc. 1986
Place of publication, distribution, etc. facts
Name of publisher, distributor, etc. Princeton University Press
300 ## - PHYSICAL DESCRIPTION
Extent 296 : p.
365 ## - TRADE PRICE
Currency code
Holdings
Withdrawn status Lost status Damaged status Not for loan Home library Current library Shelving location Date acquired Source of acquisition Cost, normal purchase price Full call number Barcode Date last seen Copy number Price effective from Koha item type
        IMTN IMTN Rack 28-A 02/01/2013 AP 35.00 658.4 LAT 20967 06/24/2024 57.6 06/24/2024 Books
Designed & Maintained by: LRC IMT Nagpur Contact: lrc@imtnag.ac.in© 2024. All Rights Reserved.